000 00564 a2200193 4500
001 41651
005 20260407155709.0
008 260407a1958 arg spa d
003 AR-UNSa-BCEJYS
040 _aAR-UNSa-BCEJYS
_bspa
_cAR-UNSa-BCEJYS
080 _a347.7
_xDerecho Mercantil. Derecho Comercial
245 1 0 _aDerecho comercial
_ppara las escuelas nacionales de comercio
264 1 _aBuenos Aires :
_bEstrada
_c1958
300 _a171 p.
_c23 cm.
041 _aspa
942 _cBK
590 _aniveau_biblio:m niveau_hierar:0
100 1 _aHalperin, Isaac
999 _c3518
_d3518